LEGO Series 13 Minifigures by Picture - Statistics

General Stats
  • This quiz has been taken 9 times
  • The average score is 14 of 16
Answer Stats
Picture Answer % Correct
Alien Trooper
100%
Disco Diva
100%
Evil Wizard
100%
Galaxy Trooper
100%
Hot Dog Man
100%
King
100%
Unicorn Girl
100%
Egyptian Warrior
86%
Fencer
86%
Goblin
86%
Samurai
86%
Sheriff
86%
Carpenter
71%
Lady Cyclops
71%
Paleontologist
71%
Snake Charmer
43%
No matching quizzes found
Score Distribution
Percent of People with Each Score
Percentile by Number Answered
Your Score History
You have not taken this quiz